000 01102cam a2200325 i 4500
999 _c329942
_d329942
001 1814851
003 NUST
005 20180117090026.0
008 790329s1978 enka b 001 0 eng
010 _a 79302119
015 _aGB***
020 _a0416705502 :
_c£8.00
020 _a0416713505 (pbk.)
040 _aDLC
_cDLC
_dDLC
050 0 0 _aBF371
_b.A7
082 0 0 _a153.1/2
245 0 0 _aAspects of memory /
_cedited by Michael M. Gruneberg and Peter Morris.
260 _aLondon :
_bMethuen,
_c1978.
300 _axii, 220 p. :
_bill. ;
_c23 cm.
440 0 _aPsychology in progress
_91777
504 _aIncludes bibliographies and indexes.
650 0 _aMemory.
_91778
650 0 _aMemory disorders.
_91779
650 0 _aMemory in children.
_91780
700 1 _aGruneberg, Michael M.
_91781
700 1 _aMorris, Peter E.
_q(Peter Edwin),
_d1947-
_91782
906 _a7
_bcbc
_corignew
_d3
_encip
_f19
_gy-gencatlg
942 _2ddc
_cBK